Other floors, other voices: a textography of a small university building
Uloženo v:
| Hlavní autor: | |
|---|---|
| Médium: | Kniha |
| Jazyk: | angličtina |
| Vydáno: |
Mahwah
Lawrence Erlbaum Associates
1998
|
| Témata: | |
| Tagy: |
Přidat tag
Žádné tagy, Buďte první, kdo vytvoří štítek k tomuto záznamu!
|
MARC
| LEADER | 00000nam a2200000 a 4500 | ||
|---|---|---|---|
| 001 | UCJ1625 | ||
| 003 | CL-VaPUC | ||
| 008 | 061103e19980000us |||||||||||||||||eng|d | ||
| 020 | |a 0805820884 | ||
| 082 | 0 | 4 | |a 420 |b SWA |2 21 |
| 100 | 0 | |a Swales, John Malcolm |e author |9 502332 | |
| 245 | 1 | 0 | |a Other floors, other voices: a textography of a small university building |
| 300 | |a 230 p | ||
| 942 | |c BK | ||
| 945 | |d 20061103 00:00:00 |a jtorresc | ||
| 260 | |a Mahwah |b Lawrence Erlbaum Associates |c 1998 | ||
| 650 | 0 | |a Lingüística |9 265068 | |
| 650 | 0 | |a Traducción e interpretación |9 315998 | |
| 650 | 7 | |a PRONUNCIACION |2 CL-VaPUC |9 371723 | |
| 650 | 0 | |a Etimología |9 337976 | |
| 583 | |a last modification |c 20171120 05:21:54 |k Rodrigo Vera | ||
| 999 | |c 318157 |d 318155 | ||
| 952 | |0 0 |1 0 |4 0 |6 420_000000000000000_SWA_1998 |7 0 |8 A |9 395522 |a FDOPOS |b FDOPOS |d 2019-11-22 |i 4292502 |o 420 SWA 1998 |p 4292502 |r 2025-01-22 |w 2019-11-22 |y BK |k MLA | ||
| 952 | |0 0 |1 0 |4 0 |6 420_000000000000000_SWA_1998 |7 0 |8 A |9 395523 |a FDOPOS |b FDOPOS |d 2019-11-22 |i 4295617 |o 420 SWA 1998 |p 4295617 |r 2025-01-22 |w 2019-11-22 |y BK |k MLA | ||